America-National Icons & Symbols - Statistics

General Stats
  • This quiz has been taken 16 times
  • The average score is 7 of 24
Answer Stats
National... Answer % Correct
Currency Dollar
83%
Anthem Star-Spangled Banner
83%
Bird Bald Eagle
75%
Tree Oak
67%
Sport Baseball
58%
Religious Iconic Symbol Religious Iconic Symbol | The Cross | Christian Cross
58%
Reptile Alligator
50%
Flower Rose
50%
Staple Crop Wheat
50%
Dance Square
42%
Dish Hamburger
33%
Dessert Apple Pie
25%
Icon | National Monument Statue of Liberty
17%
Tower Washington Monument
17%
Amphibian American Bullfrog
8%
Instrument Banjo
8%
Fish Atlantic Striped Bass
0%
Fruit Blueberry
0%
Predator Bobcat
0%
Beverage Bourbon whiskey
0%
Marine Reptile Elasmosaurus
0%
Marsupial Elasmosaurus
0%
Founder Founding Fathers
0%
Vegetable Pumpkin
0%
No matching quizzes found
Score Distribution
Percent of People with Each Score
Percentile by Number Answered
Your Score History
You have not taken this quiz